000 00330 a2200157 4500
001 172506
020 _a978-85-16-06312-2
040 _cMagnum
100 _aRocha, Ruth
240 1 0 _aEugênio, o gênio
_lpor
245 1 0 _aEugênio, o gênio
300 _a40
362 0 _a2009
697 _aLITERATURA INFANTO
942 _cBK
999 _c172506
_d172506